000
00328nam a2200145Ia 4500
008
230605s1989 xx 000 0 und d
041
_a
eng
100
_a
Parker
245
_a
Wine Buyers Giide
260
_b
Dorling pub.
_c
1989
300
_a
800p
520
_a
Hard Board
520
_a
Reference Copy
650
_a
F & B Ser.
999
_c
420471
_d
420471